| 000 | 00464nam a2200157Ia 4500 | ||
|---|---|---|---|
| 008 | 230718s9999 xx 000 0 und d | ||
| 020 | _a9789382299219 | ||
| 041 | _aeng | ||
| 082 |
_a629.2 _bDAR |
||
| 100 |
_aDarukhanawala A.J. (Editor) _9194547 |
||
| 245 | _aZig Wheels Auto Tech | ||
| 260 | _bBennett,Coleman And Co. Ltd. | ||
| 365 |
_cRs. _b700.00 |
||
| 700 |
_aDarukhanawala A.J. (Editor) _9194547 |
||
| 906 |
_dO:0337717-Jun-2013B:305402-Apr-2013 _cMECH _b154 |
||
| 999 |
_c332389 _d332389 |
||